000
00224nam a2200097Ia 4500
005
20251222114414.0
008
251222s1900||||xx |||||||||||||| ||spa||
082
_a
DVD0070/R55/1991/BR
245
0
_a
Thelma y Louise:
942
_c
DVD
999
_c
2160
_d
2160